| 000 | 00576nam a2200181 4500 | ||
|---|---|---|---|
| 001 | 113193 | ||
| 003 | ES-MaACL | ||
| 005 | 20230906185806.0 | ||
| 007 | t| | ||
| 008 | 061121s1971 sp r ||||1| spa d | ||
| 100 | 1 |
_aMydans, Shelley. _984749 |
|
| 245 | 1 | 0 |
_aThomas _b: Novela de la vida, pasión y milagros de Santo Tomás Becket / _cShelley Mydans ; [traducido por A. Saumell Bernaus]. |
| 250 | _a[1ª ed.]. | ||
| 260 |
_aBarcelona : _bGrijalbo, _c1971. |
||
| 300 |
_a413 p. ; _c20 cm. |
||
| 700 | 1 |
_aSaumell Bernaus, A. _9103975 |
|
| 852 |
_aES-MaACL _jC-39854 _bR.76464 |
||
| 999 |
_c113193 _d113193 |
||